[Event "SV Bad Schwartau-SK Weisse Dame Hamburg"]
[Site "Kiel"]
[Date "2019.09.10"]
[Round "7.2"]
[White "Elstner, Mirja"]
[Black "Richter, Merlin"]
[Result "1/2-1/2"]
[WhiteElo "1243"]
[BlackElo "1522"]
[Annotator "Rnd./Pair./Board: 07.008.02"]
[PlyCount "104"]
[EventDate "2019.??.??"]
[WhiteTeam "SV Bad Schwartau"]
[BlackTeam "SK Weisse Dame Hamburg"]

1. e4 e6 2. d4 d5 3. exd5 exd5 4. Bd3 Bd6 5. Nf3 Ne7 6. O-O Bf5 7. Re1 Bxd3 8.
Qxd3 Nbc6 9. c3 Qd7 10. Nbd2 O-O-O 11. b4 Rdg8 12. a4 f6 13. Nb3 g5 14. b5 Nd8
15. Ba3 Bxa3 16. Rxa3 Ng6 17. Nc5 Qg4 18. h3 Qf4 19. g3 Qd6 20. Qf5+ Kb8 21.
Rb3 Rg7 22. Na6+ bxa6 23. bxa6+ Nb7 24. Rxb7+ Ka8 25. Qe6 Qxe6 26. Rxe6 Rf8 27.
Rc6 Rff7 28. c4 dxc4 29. Rxc4 Rd7 30. d5 h5 31. d6 Rxd6 32. Rcxc7 Rxc7 33. Rxc7
Rxa6 34. Rc4 Kb7 35. Kf1 Rc6 36. Nd2 Ne5 37. Rxc6 Kxc6 38. Ne4 Nd7 39. Ke2 Nc5
40. Nxf6 Nxa4 41. Ne4 g4 42. hxg4 hxg4 43. Ke3 Nc5 44. Nd2 Kd5 45. Nb1 a5 46.
f3 gxf3 47. Kxf3 Ke5 48. g4 Kf6 49. Nc3 Nd7 50. Kf4 Kg6 51. Ke4 Kg5 52. Kd4
Kxg4 1/2-1/2

[Event "SV Bad Schwartau-SK Weisse Dame Hamburg"]
[Site "Kiel"]
[Date "2019.09.10"]
[Round "7.3"]
[White "Tuerk, Janusch"]
[Black "Schwerdtfeger, Hauke"]
[Result "1-0"]
[WhiteElo "1317"]
[BlackElo "1257"]
[Annotator "Rnd./Pair./Board: 07.008.03"]
[PlyCount "31"]
[EventDate "2019.??.??"]
[WhiteTeam "SK Weisse Dame Hamburg"]
[BlackTeam "SV Bad Schwartau"]

1. e4 e5 2. Nf3 Nc6 3. Bc4 Bc5 4. c3 Nf6 5. d3 O-O 6. O-O d5 7. exd5 Nxd5 8.
Re1 Bg4 9. h3 Bxf3 10. Qxf3 Nb6 11. Bb5 Qd6 12. b4 Bxb4 13. cxb4 Qxb4 14. Re4
Qxb5 15. Bh6 gxh6 16. Rg4+ 1-0

[Event "SV Bad Schwartau-SK Weisse Dame Hamburg"]
[Site "Kiel"]
[Date "2019.09.10"]
[Round "7.4"]
[White "Deierberg, Simon"]
[Black "Worthmann Gonzalez, Luka"]
[Result "1/2-1/2"]
[WhiteElo "1074"]
[BlackElo "1136"]
[Annotator "Rnd./Pair./Board: 07.008.04"]
[PlyCount "113"]
[EventDate "2019.??.??"]
[WhiteTeam "SV Bad Schwartau"]
[BlackTeam "SK Weisse Dame Hamburg"]

1. e4 e5 2. Nf3 Nc6 3. Bc4 Bc5 4. c3 Nf6 5. d4 exd4 6. cxd4 Bb4+ 7. Bd2 Nxe4 8.
Bxb4 Nxb4 9. Bxf7+ Kxf7 10. Qb3+ Ke8 11. Qxb4 d6 12. d5 Nf6 13. Qb3 b6 14. O-O
Bb7 15. Nc3 Qd7 16. Rfe1+ Kd8 17. Rad1 Qf5 18. h3 Kd7 19. Qb5+ Kc8 20. Qc4 Nd7
21. Nb5 Nc5 22. b4 a6 23. Nc3 b5 24. Qg4 Qxg4 25. hxg4 Nd7 26. Rc1 Nf6 27. Re7
Nxd5 28. Nxd5 Bxd5 29. Rexc7+ Kb8 30. Rxg7 Ra7 31. Rxa7 Kxa7 32. a3 Kb6 33. Nd4
Re8 34. Nf5 Re6 35. f4 Bc4 36. Kh2 d5 37. Rd1 Re4 38. g3 a5 39. g5 axb4 40.
axb4 Kc6 41. Nh4 Kd6 42. Kh3 Ke6 43. Ra1 d4 44. Ra6+ Kf7 45. Kg4 d3 46. Kf5 Re6
47. Ra7+ Re7 48. Rxe7+ Kxe7 49. Nf3 Bd5 50. Nd2 Be6+ 51. Ke5 Bc4 52. f5 Kf7 53.
g4 Ke7 54. f6+ Kf7 55. Kf5 Be6+ 56. Ke5 Bxg4 57. Kd5 1/2-1/2